FAT32 vs NTFS - Statistics

General Stats
  • This quiz has been taken 2 times
  • The average score is 3 of 8
Answer Stats
Hint Answer % Correct
Max Partition Size FAT32 2 TB
100%
Max Volume Size FAT32 2 TB
100%
Max File Size FAT32 4 GB
50%
Max File Size NTFS 16 TB
0%
Max Partition Size NTFS 256 TB
0%
Max Volume Size NTFS 256 TB
0%
Max Amount of Files FAT32 268,435,437
0%
Max Amount of Files NTFS 4,294,967,295
0%
No matching quizzes found
Score Distribution
Percent of People with Each Score
Percentile by Number Answered
Your Score History
You have not taken this quiz